000 00813cab a2200241 4500
001 ABS60031
008 090401t1999 xxu||||| |||| 00| 0 eng d
035 _a(Sirsi) u91174
041 _aeng
100 _aSmyth, G.
245 _aDare surveyors ignore value management?
260 _c1999
350 _a0
490 _aCSM
_bChartered Surveyor Monthly
_v8(6) February 1999, 46-47(2)
520 _aConsiders the relevance of value management for the construction industry, and the benefits which it can bring in achieving value for money. Discusses available training on value management. References.
650 _aCONSTRUCTION INDUSTRY
650 _aSURVEYORS
650 _aVALUE FOR MONEY
650 _aVALUE MANAGEMENT
690 _aProject management
_96261
942 _n0
948 _c09/02/1999
999 _c57855
_d57855